000 00753nam a2200241 i 4500
001 bg
100 1 _aNipperdey, Thomas
_d(1927-1992).
245 _aDeutsche Geschichte 1866 - 1918.
_nBd. 2,
_pMachtstaat vor der Demokratie /
_cThomas Nipperdey.
260 _aMünchen :
_bVerlag C.H. Beck,
_c1998.
300 _a948 s. ;
_c23 cm.
504 _aBibliogr. Indeks.
651 9 _aNiemcy
_xhistoria
_y19-20 w.
020 _a340644038X
020 _a340644038X (für die dreibändige Sonderausgabe)
040 _cBPK
041 0 _ager
044 _aDEU
080 _a94(430)"18/19"
920 _a3-406-44038-X
942 _cKS
008 s pl f |000 0 pol
999 _c54556
_d54556
856 _uhttp://koha.tu.koszalin.pl/cgi-bin/koha/opac-detail.pl?biblionumber=54556
_yKatalog online BPK